000
00331nam a2200145Ia 4500
008
241014s9999||||xx |||||||||||||| ||und||
020
_a
97807020661875
100
_a
Ruth Johnson
245
0
_a
Skills for Midwifery Practice
250
_a
4
260
_b
Elsevier
_c
2016
300
_a
462
650
_a
Midwife
942
_b
ION
_c
BK
999
_c
19040
_d
19040